Disney Princess Movie Quotes: Who Said What - Statistics

General Stats
  • This quiz has been taken 19 times
  • The average score is 11 of 15
Answer Stats
Quote Princess % Correct
"How dare you! All of you! Standing around deciding my future?! I am not a prize to be won!" Jasmine
94%
"I'm like a shooting star, I've come so far. I can't go back to where I used to be." Jasmine
94%
"They say if you dream a thing more than once, it's sure to come true." Aurora
82%
"I want adventure in the great wide somewhere!" Belle
82%
"They can't order me to stop dreaming." Cinderella
82%
"Remember, you're the one who can fill the world with sunshine." Snow White
82%
"Our fate lives within us, you only have to be brave enough to see it." Merida
76%
"You control your destiny, you don't need magic to do it." Merida
76%
"If I wear a mask, I can fool the world, but I cannot fool my heart." Mulan
76%
"Haven't any of you ever had a dream?" Rapunzel
76%
"Who says that my dreams have to stay just my dreams?" Ariel
71%
"Yes, I'm alone, but I'm alone and free!" Elsa
71%
"I promise. And when I promise something, I never, ever break that promise." Pocahontas
71%
"You don't lose hope, love. If you do, you lose everything." Tiana
65%
"The past shouldn't be feared, for it guides our future." Moana
41%
No matching quizzes found
Score Distribution
Percent of People with Each Score
Percentile by Number Answered
Your Score History
You have not taken this quiz